Vista normal
Vista MARC
Entrada Topical Term
Número de registros utilizados en: 1
001 - CONTROL NUMBER
- control field: 62399
003 - CONTROL NUMBER IDENTIFIER
- control field: OSt
005 - DATE AND TIME OF LATEST TRANSACTION
- control field: 20250815144929.0
008 - FIXED-LENGTH DATA ELEMENTS
- fixed length control field: 250815|| aca||aabn | a|a d
040 ## - CATALOGING SOURCE
- Original cataloging agency: OSt
- Transcribing agency: OSt
150 ## - HEADING--TOPICAL TERM
- Topical term or geographic name entry element: Física
- General subdivision: enseñanza
- Form subdivision: videocasetes
670 ## - SOURCE DATA FOUND
- Source citation: Work cat.: (OSt)58084: Walker, Jearl D., 1945- aut 62398, Física recreativa :